000 00715nam a2200217Ia 4500
003 GCL
008 140319s9999 xx 000 0 ara d
040 _aGCL /
_cGCL
082 0 4 _a956.802
_bك ت
100 1 _aكامل محمد خلة
245 1 0 _aالتطور السياسى لشرق الاردن مارس 1921 - مارس 1948 /
_cكامل محمد خلة
260 _a[S.N] :
_bالمنشأة العامة للنشر والتوزيع والاعلان ،
_c1983
300 _a452 ص
490 _a
650 0 4 _aالعصر الحديث
650 0 4 _aتاريخ
650 0 4 _aالاردن
650 0 4 _aالاحتلال البريطانى
650 0 4 _aالامارة (1921 - 1946)
942 _2ddc
_cBK
999 _c35361
_d35361